000 01039nam a22001937a 4500
999 _c63497
_d63497
003 Ge_BSU
005 20251020151752.0
008 251020s1959 ge ||||| |||| 00| 0 geo d
041 _ageo
080 _a338.26(47+57) ტ-13
100 _aტაბაღუა, ილია
_926069
245 _aშვიდწლედის საერთაშორისო მნიშვნელობა /
_cილია ტაბაღუა.
264 _aთბილისი :
_b საბჭ. საქართველო,
_c1959.
300 _a56 გვ. ;
_b21 სმ.
490 _aსკკპ XXI ყრილობის ისტორიული გადაწყვეტილებები - მასებში
504 _aბიბლიოგრ. შენიშვნებში
653 _aსაბჭოთა კავშირის სახალხო მეურნეობის განვითარების შვიდწლიანი გეგმა
942 _2udc
_cᲬᲘᲒᲜᲘ